00937nam a2200241 a 450000100100000000500170001000800410002702000150006804000250008304000250010808200190013310000360015224500560018825000120024426000350025630000210029150000630031265000320037565000310040795201170043895201230055599900170067800004381320230519124900.0140506s2013 pn a 000 0 spa d a9962522161 aDO-SdBNPbspacBNPHU aDO-SdBNPbspacBNPHU aPN863.5bG586d1 aGómez P., Juan Antonio97165610aDel Tiempo y la Memoria. /cJuan Antonio Gómez P. a4a. ed. aPanamá, :bPortobelo,c2013. a165 p. ;c21 cm. aIncluye datos biografícos del autor en la contraportada. 4aLiteratura panameña94261 4aCuentos panameños918046 001050718MOaGRbGRcCTd2014-05-06iLF1l0oPN863.5 G586dp43813-10r2020-06-25w2020-06-25y1ZNo se presta 001050718MOaGRbGRcCTd2014-05-06iLF1l0oPN863.5 G586dp43813-20r2020-06-25te. 2w2020-06-25y1ZNo se presta c43302d43302